| 000 | 00853nam a22002537a 4500 | ||
|---|---|---|---|
| 001 | BR7375894 | ||
| 003 | BR-BrBNA | ||
| 005 | 20230928084447.0 | ||
| 007 | ta | ||
| 008 | 230509b bl.||||| |||| 00| 0 por d | ||
| 040 |
_aBR-BrBNA _bpor _cBiblioteca Nacional de Agricultura |
||
| 041 | _a(Por) | ||
| 072 | _aE10 | ||
| 090 | _ E10 BR7375894 | ||
| 100 | 1 | _aMachado, G.O.D. | |
| 111 | 1 |
_a1. Seminario Brasileiro de Instituicoes Financeiras _cPorto Alegre, RS (Brazil) _d2 May 1965 |
|
| 245 | 1 | _aModalidades de credito educativo, caracteristicas dos mutuarios e garantias | |
| 260 | 3 |
_aPorto Alegre, RS (Brasil): _c1965. |
|
| 300 | _a22 p. | ||
| 500 | _a(*) Documento disponível no(a) Empresa Brasileira de Assistencia Tecnica e Extensao Rural, Brasilia, DF | ||
| 650 | _aCREDITO EDUCATIVO | ||
| 909 |
_a202309 _bLucia _c55 _dLucia Elande |
||
| 942 | _cBK | ||
| 999 |
_c19100 _d19100 |
||